Ludwik Węgierski
| Titel: | Ludwik Węgierski / Stanisław A. Sroka |
|---|---|
| Verfasser: | |
| Ausgabe: | Wydanie pierwsze |
| Veröffentlicht: | Warszawa : PIW, 2025 |
| Umfang: | 439 Seiten : Illustrationen, Porträts ; 22 cm |
| Format: | Buch |
| Sprache: | Polnisch |
| Schriftenreihe/ mehrbändiges Werk: |
Poczet Władców Polski ; t. 23 |
| ISBN: | 9788381969918 ; 8381969913 |
alg: 54207220 001A $03004:11-02-26 001B $03004:03-03-26 $t11:21:02.000 001D $03004:11-02-26 001U $0utf8 001X $00 002@ $0Aau 002C $aText $btxt $2rdacontent 002D $aohne Hilfsmittel zu benutzen $bn $2rdamedia 002E $aBand $bnc $2rdacarrier 003@ $0542072203 004A $A978-83-8196-991-8 004A $083-8196-991-3 007A $0BV050593976 $aBVB 010@ $apol 010E $erda 011@ $a2025 $n2025 013D $RBiograf $RLebenslauf $RBiografik $#Biography $#Biography as a literary form $#Biographies $#Biografie $#Biografía $#biographies $#Biographie $#Biographie $#Biographie $#Biographisches Nachschlagewerk $#Lebensbeschreibung $#Berühmte Persönlichkeit Biografie $#Biografisches Nachschlagewerk $74006804-3 $8Biografie [Tsz] $9085010375 $y1326-1382 021A $aLudwik Węgierski $hStanisław A. Sroka 028A $BVerfasser $#Sroka, Stanislaus A. $#Sroka, Stanisław $#Sroka, Stanisław Andrzej $4aut $71055808884 $8Sroka, Stanisław A.$Z1966- [Tp3] $9345257405 032@ $aWydanie pierwsze 033A $pWarszawa $nPIW 034D $a439 Seiten 034I $a22 cm 034M $aIllustrationen, Porträts 036E $aPoczet Władców Polski $lt. 23 037A $aQuellen- und Literaturverzeichnis Seite [378]-411 037A $aNa stronie redakcyjnej błędny ISBN. 044K $RKároly Robert $RAnjou $RMária $RHedwig $#LajosI. $#Ludwig I. $#Ludwig $#Ludwik $#Ludwig $#Ludwik Węgierski $#Andegaweński, Ludwik $#Lajos $#Lajos I. $#Nagy $#Ludovik I. $#Ludwik Andegaweński $#Ludwik I $#Louis I $#Ľudovít $#Ludvík I. $#Ludvík I. $7119015757 $8$PLudwig$nI.$lUngarn, König$Z1326-1382 [Tp1] $9087356015 045T $aOST $qDE-12 $2FID lok: 54207220 24 exp: 54207220 24 1 #EPN 201B/01 $003-03-26 $t11:20:53.000 201C/01 $011-02-26 201U/01 $0utf8 203@/01 $01335158200 208@/01 $a25-02-26 $bz 209A/01 $a26.00536 $du $f050 $h26 00536 $x00 209C/01 $a26.00536 K $h26 00536 K 209G/01 $a75174705 $x00 220C/01 $ahae 247C/01 $8358050-7 Marburg, Bibliothek des Herder-Instituts Marburg $9102600961
| LEADER | 00000cam a2200000 c 4500 | ||
|---|---|---|---|
| 001 | 542072203 | ||
| 003 | DE-603 | ||
| 005 | 20260303112102.0 | ||
| 007 | tu | ||
| 008 | 260211s2025 xx |||| | u00||u|pol c | ||
| 020 | |a 9788381969918 | ||
| 020 | |a 8381969913 | ||
| 035 | |a (DE-599)BVBBV050593976 | ||
| 040 | |a DE-603 |b ger |c DE-603 |d DE-603 |e rda | ||
| 041 | |a pol | ||
| 084 | |a OST |q DE-12 |2 fid | ||
| 100 | 1 | |a Sroka, Stanisław A. |d 1966- |e Verfasser |4 aut |0 (DE-603)345257405 |0 (DE-588)1055808884 |2 gnd | |
| 245 | 0 | 0 | |a Ludwik Węgierski |c Stanisław A. Sroka |
| 250 | |a Wydanie pierwsze | ||
| 264 | 1 | |a Warszawa |b PIW |c 2025 | |
| 300 | |a 439 Seiten |b Illustrationen, Porträts |c 22 cm | ||
| 336 | |a Text |b txt |2 rdacontent | ||
| 337 | |a ohne Hilfsmittel zu benutzen |b n |2 rdamedia | ||
| 338 | |a Band |b nc |2 rdacarrier | ||
| 490 | 0 | |a Poczet Władców Polski |v t. 23 | |
| 500 | |a Quellen- und Literaturverzeichnis Seite [378]-411 | ||
| 500 | |a Na stronie redakcyjnej błędny ISBN. | ||
| 600 | 0 | 7 | |a Ludwig |b I. |c Ungarn, König |d 1326-1382 |0 (DE-588)119015757 |0 (DE-603)087356015 |2 gnd |
| 655 | 7 | |a Biografie |y 1326-1382 |2 gnd-content |0 (DE-588)4006804-3 |0 (DE-603)085010375 | |
| 924 | 0 | |9 Mb 50 |a (DE-603)1335158200 |b DE-Mb50 |c HES |d c |g 26.00536 | |


